MERMAIDS DON'T RUN TRACK (Record no. 2801)
[ view plain ]
| 000 -LEADER | |
|---|---|
| fixed length control field | 00382nam a22001577a 4500 |
| 020 ## - INTERNATIONAL STANDARD BOOK NUMBER | |
| ISBN | 590-84906-9 |
| 082 ## - DEWEY DECIMAL CLASSIFICATION NUMBER | |
| Classification number | 823 |
| Item number | DAD/M |
| 100 ## - MAIN ENTRY--AUTHOR NAME | |
| Personal name | DADEY, DEBBIE |
| 245 ## - TITLE STATEMENT | |
| Title | MERMAIDS DON'T RUN TRACK |
| Remainder of title | SHORT STORY |
| 246 ## - VARYING FORM OF TITLE | |
| Title proper/short title | MERMAIDS DON'T RUN TRACK |
| Remainder of title | SHORT STORY |
| 260 ## - PUBLICATION, DISTRIBUTION, ETC. (IMPRINT) | |
| Place of publication | USA |
| Name of publisher | SCOLASTIC INC. |
| Year of publication | 1997 |
| 300 ## - PHYSICAL DESCRIPTION | |
| Number of Pages | 73 |
| 520 ## - SUMMARY, ETC. | |
| Summary, etc | SHORT STORY |
| 650 ## - SUBJECT ADDED ENTRY--TOPICAL TERM | |
| Topical Term | SHORT STORY |
| 942 ## - ADDED ENTRY ELEMENTS (KOHA) | |
| Koha item type | Books |
| Withdrawn status | Lost status | Collection code | Home library | Current library | Shelving location | Date acquired | Source of acquisition | Full call number | Accession Number | Koha item type |
|---|---|---|---|---|---|---|---|---|---|---|
| Fiction | Main Library | Main Library | SHELF 4-E RCHIE & ILLUSTRATED CLASSICS | 05/05/2009 | Purchase | 823 DAD/M | 04452 | Books |